[Event "11eme Open International de Saint-Affri"]
[Site "SAINT-AFFRIQUE (12)"]
[Date "????.??.??"]
[Round "9.1"]
[White "Degraeve, Jean-Marc"]
[Black "Meijers, Viesturs"]
[Result "1-0"]
[WhiteElo "2541"]
[BlackElo "2483"]
[PlyCount "41"]

1. e4 e5 2. Bc4 Nf6 3. d3 c6 4. Nf3 d5 5. Bb3 Bd6 6. Nc3 dxe4 7. Ng5 O-O 8.
Ncxe4 Nxe4 9. Nxe4 Be7 10. O-O Kh8 11. Qh5 f6 12. f4 g6 13. Qh6 exf4 14. Bxf4
Na6 15. Ng5 fxg5 16. Be5+ Rf6 17. Rxf6 Bxf6 18. Qxg5 Kg7 19. Rf1 h6 20. Bxf6+
Kh7 21. Qe3 1-0